महाराष्ट्रातील काही ताम्रपट शिलालेख (Record no. 36772)

MARC details
000 -LEADER
fixed length control field 00486nam a2200157Ia 4500
008 - FIXED-LENGTH DATA ELEMENTS--GENERAL INFORMATION
fixed length control field 220531s9999 xx 000 0 und d
041 ## - LANGUAGE CODE
Language code of text/sound track or separate title mar
100 ## - MAIN ENTRY--PERSONAL NAME
Personal name कोलते वि भि
9 (RLIN) 64889
245 ## - TITLE STATEMENT
Title महाराष्ट्रातील काही ताम्रपट शिलालेख
260 ## - PUBLICATION, DISTRIBUTION, ETC. (IMPRINT)
Name of publisher, distributor, etc. Maharashtra Rajya Sanskruti Mandal
Date of publication, distribution, etc. 1969
300 ## - PHYSICAL DESCRIPTION
Extent 445
542 ## - INFORMATION RELATING TO COPYRIGHT STATUS
Copyright holder 21-04-2010
650 ## - SUBJECT ADDED ENTRY--TOPICAL TERM
Topical term or geographic name as entry element History
9 (RLIN) 64890
906 ## - LOCAL DATA ELEMENT F, LDF (RLIN)
d 2010-2011
Holdings
Withdrawn status Lost status Source of classification or shelving scheme Damaged status Not for loan Collection code Home library Current library Date acquired Cost, normal purchase price Total Checkouts Total Holds Full call number Barcode Date last seen Bill Date Koha item type Original Barcode
    Dewey Decimal Classification       Shri Siddhivinayak Mahila Mahavidyalaya Shri Siddhivinayak Mahila Mahavidyalaya 21/04/2010 82.00   1 /-/B/18140 SSMM-BK-18140 06/08/2022 06/08/2022 Books 010018140